|
|
|
|
| LEADER |
02709nam a22003853i 4500 |
| 001 |
EBC7100987 |
| 003 |
MiAaPQ |
| 005 |
20240729202203.0 |
| 006 |
m o d | |
| 007 |
cr cnu|||||||| |
| 008 |
240729s1980 xx o ||||0 ger d |
| 020 |
|
|
|a 9783428445509
|q (electronic bk.)
|
| 020 |
|
|
|z 9783428045501
|
| 035 |
|
|
|a (MiAaPQ)EBC7100987
|
| 035 |
|
|
|a (Au-PeEL)EBL7100987
|
| 035 |
|
|
|a (OCoLC)1347025900
|
| 040 |
|
|
|a MiAaPQ
|b eng
|e rda
|e pn
|c MiAaPQ
|d MiAaPQ
|
| 100 |
1 |
|
|a Schenk, Karl Ernst.
|
| 245 |
1 |
0 |
|a Lenkungsprobleme und Inflation in Planwirtschaften.
|
| 250 |
|
|
|a 1st ed.
|
| 264 |
|
1 |
|a Berlin :
|b Duncker & Humblot,
|c 1980.
|
| 264 |
|
4 |
|c ©1980.
|
| 300 |
|
|
|a 1 online resource (95 pages)
|
| 336 |
|
|
|a text
|b txt
|2 rdacontent
|
| 337 |
|
|
|a computer
|b c
|2 rdamedia
|
| 338 |
|
|
|a online resource
|b cr
|2 rdacarrier
|
| 490 |
1 |
|
|a Schriften des Vereins Für Socialpolitik Series
|
| 505 |
0 |
|
|a Intro -- Vorwort -- Inhaltsverzeichnis -- Friedrich Haffner, Münster: Erklärungsmomente für naturale und monetäre Disproportionen aus einer Theorie der unvollkommenen Planwirtschaft -- I. Vollkommene zentrale Planung -- II. Unvollkommene zentrale Planung -- III. Formen der unvollständigen Planung und das Sortimentsproblem -- IV. Gesamtwirtschaftliche Disproportionen naturaler und monetärer Art -- H. Jörg Thieme, Bochum: Probleme der Definition und Messung von Inflationen in Systemen zentraler Planung -- I. Das Preisniveaukonzept der Inflationsdefinition: Konsequenzen seiner Übertragung auf administrative Planwirtschaften -- II. Versteckte und zurückgestaute Inflation: Diagnosequalität ausgewählter Meßkonzepte -- III. Preis- und Kassenhaltungsinflation: Ein systemindifferentes Definitions-, Indikator- und Meßkonzept -- Kazimierz Laski, Linz: Inflationsprobleme einer offenen sozialistischen Volkswirtschaft -- I. Einführung -- II. Das geschlossene Modell -- III. Das offene Modell einer zentralgeplanten Wirtschaft (ZGW) -- IV. Das offene Modell einer marktorientierten zentralgeplanten Wirtschaft (MZGW).
|
| 588 |
|
|
|a Description based on publisher supplied metadata and other sources.
|
| 590 |
|
|
|a Electronic reproduction. Ann Arbor, Michigan : ProQuest Ebook Central, 2024. Available via World Wide Web. Access may be limited to ProQuest Ebook Central affiliated libraries.
|
| 655 |
|
4 |
|a Electronic books.
|
| 776 |
0 |
8 |
|i Print version:
|a Schenk, Karl Ernst
|t Lenkungsprobleme und Inflation in Planwirtschaften
|d Berlin : Duncker & Humblot,c1980
|z 9783428045501
|
| 797 |
2 |
|
|a ProQuest (Firm)
|
| 830 |
|
0 |
|a Schriften des Vereins Für Socialpolitik Series
|
| 856 |
4 |
0 |
|u https://ebookcentral.proquest.com/lib/matrademy/detail.action?docID=7100987
|z Click to View
|